[Event "Avoine op 34th"]
[Site "Avoine"]
[Date "2019.07.20"]
[Round "7"]
[White "Abbassi, Zeyneb"]
[Black "Julien, Jules Alois"]
[Result "1-0"]
[WhiteElo "1856"]
[BlackElo "2093"]
[PlyCount "71"]
[EventDate "2019.07.20"]
[EventType "swiss"]
[EventRounds "9"]
[EventCountry "FRA"]
[SourceTitle "EXT 2020"]
[Source "ChessBase"]
[SourceDate "2019.10.17"]
[SourceVersion "1"]
[SourceVersionDate "2019.10.17"]
[SourceQuality "1"]

1. d4 Nf6 2. Bf4 g6 3. Nc3 d5 4. e3 Bg7 5. Nf3 Bf5 6. Be2 0-0 7. Ne5 c5 8. g4 Be6 9. h4 Nc6 10. h5 Qa5 11. hxg6 hxg6 12. f3 Rac8 13. Qd2 Nd7 14. Nxd7 Bxd7 15. Nxd5 Qxd2+ 16. Kxd2 Be6 17. Nc7 Rxc7 18. Bxc7 cxd4 19. exd4 Nxd4 20. c3 Rc8 21. Bf4 Nc6 22. Rhd1 Ne5 23. Ke3 a6 24. Rd2 Nc6 25. Kf2 Re8 26. Be3 Bc8 27. Rad1 e5 28. Bd3 Bf6 29. Be4 Nd8 30. Bd5 Be7 31. Bb6 Kg7 32. Re2 f5 33. Bc7 Bc5+ 34. Kg3 Kf6 35. g5+ Kxg5 36. Bxe5 1-0

[Event "Avoine op 34th"]
[Site "Avoine"]
[Date "2019.07.20"]
[Round "6"]
[White "Julien, Jules Alois"]
[Black "Cavailles, Evan"]
[Result "1/2-1/2"]
[WhiteElo "2093"]
[BlackElo "1896"]
[PlyCount "87"]
[EventDate "2019.07.20"]
[EventType "swiss"]
[EventRounds "9"]
[EventCountry "FRA"]
[SourceTitle "EXT 2020"]
[Source "ChessBase"]
[SourceDate "2019.10.17"]
[SourceVersion "1"]
[SourceVersionDate "2019.10.17"]
[SourceQuality "1"]

1. Nf3 c5 2. g3 Nc6 3. d4 cxd4 4. Nxd4 g6 5. Bg2 Bg7 6. Nb3 d6 7. 0-0 Nf6 8. Nc3 0-0 9. Re1 Be6 10. e4 Qd7 11. Nd5 Rac8 12. c3 Rfd8 13. a4 Bh3 14. Bh1 Qe8 15. Qe2 Bg4 16. Qf1 Bd7 17. f4 e6 18. Ne3 Ne7 19. a5 Bc6 20. Nd2 d5 21. e5 Nd7 22. Nf3 Nc5 23. Nd4 Ba4 24. Ra3 Bd7 25. Bf3 Nf5 26. Nexf5 gxf5 27. Kh1 a6 28. Be3 Ne4 29. Qg2 Qe7 30. Raa1 Kh8 31. Re2 Bb5 32. Nxb5 axb5 33. Qg1 b4 34. Bxe4 dxe4 35. Bd4 bxc3 36. bxc3 Qd7 37. Rb2 Qd5 38. Qe3 Rd7 39. Kg1 Ra8 40. Rba2 h6 41. Kf2 Kh7 42. Qe2 Bf8 43. Ke3 Bc5 44. Qb2 1/2-1/2

[Event "Avoine op 34th"]
[Site "Avoine"]
[Date "2019.07.20"]
[Round "4"]
[White "Julien, Jules Alois"]
[Black "Dubois, Emmanuelle"]
[Result "1/2-1/2"]
[WhiteElo "2093"]
[BlackElo "1863"]
[PlyCount "88"]
[EventDate "2019.07.20"]
[EventType "swiss"]
[EventRounds "9"]
[EventCountry "FRA"]
[SourceTitle "EXT 2020"]
[Source "ChessBase"]
[SourceDate "2019.10.17"]
[SourceVersion "1"]
[SourceVersionDate "2019.10.17"]
[SourceQuality "1"]

1. Nf3 Nf6 2. g3 e6 3. Bg2 d5 4. 0-0 Be7 5. d4 0-0 6. c4 c6 7. Nc3 Nbd7 8. b3 a6 9. Qc2 b5 10. cxd5 cxd5 11. Bf4 Bb7 12. Rfc1 Ba3 13. Re1 Rc8 14. Qd3 Bb2 15. Rac1 Bxc1 16. Rxc1 Ne4 17. Ne1 Qa5 18. Bxe4 dxe4 19. Qd2 b4 20. Na4 Rxc1 21. Qxc1 Rc8 22. Qb1 Qh5 23. Qd1 a5 24. Ng2 Ba6 25. f3 exf3 26. exf3 Qb5 27. Kf2 Qd3 28. Qxd3 Bxd3 29. Ne3 Bb1 30. Nc4 Nf6 31. Nc5 Nd5 32. Bd2 Nc3 33. Nxa5 Nxa2 34. Ke3 e5 35. Nab7 exd4+ 36. Kxd4 Bc2 37. f4 Bd1 38. h3 Re8 39. f5 Re2 40. Bf4 h6 41. h4 Rb2 42. Kc4 Be2+ 43. Kd4 Bd1 44. Kc4 Be2+ 1/2-1/2

[Event "Sables d'Olonne op 6th"]
[Site "Sables d'Olonne"]
[Date "2019.07.13"]
[Round "1"]
[White "Bujisho, Benjamin"]
[Black "Julien, Jules Alois"]
[Result "1-0"]
[WhiteElo "2326"]
[BlackElo "2093"]
[PlyCount "107"]
[EventDate "2019.07.13"]
[EventType "swiss"]
[EventRounds "9"]
[EventCountry "FRA"]
[SourceTitle "EXT 2020"]
[Source "ChessBase"]
[SourceDate "2019.10.17"]
[SourceVersion "1"]
[SourceVersionDate "2019.10.17"]
[SourceQuality "1"]

1. d4 Nf6 2. Nf3 g6 3. Nc3 d5 4. Bf4 Bg7 5. Nb5 Na6 6. e3 0-0 7. Be2 c6 8. Nc3 Qa5 9. 0-0 Nb8 10. a3 Bf5 11. h3 h6 12. Bd3 Bxd3 13. cxd3 Nbd7 14. b4 Qd8 15. Bh2 e6 16. Qb3 Qe7 17. Rac1 a6 18. Na4 Rfc8 19. Rc2 Kh7 20. Rfc1 Ne8 21. Nc5 Nf8 22. Qb1 f6 23. Nb3 e5 24. dxe5 fxe5 25. e4 dxe4 26. dxe4 Nd6 27. Re2 Nd7 28. Nc5 Nb6 29. Qb3 Rf8 30. Bg3 Rae8 31. a4 Qf7 32. Qxf7 Rxf7 33. Rd1 Ndc4 34. Rc2 a5 35. bxa5 Nxa5 36. Nd2 Rd8 37. Rb1 Nc8 38. Ndb3 Nxb3 39. Rxb3 Rd1+ 40. Kh2 Nd6 41. f3 Bf6 42. Rd3 Rxd3 43. Nxd3 Re7 44. a5 h5 45. h4 Nb5 46. a6 Nd4 47. axb7 Rxb7 48. Rc4 c5 49. Rxc5 Rb3 50. Bxe5 Bxh4 51. Rc7+ Kg8 52. Nf4 Rxf3 53. Rg7+ Kf8 54. Nxg6+ 1-0

[Event "Avoine op 32nd"]
[Site "Avoine"]
[Date "2017.07.22"]
[Round "5"]
[White "Vallet, Vincent"]
[Black "Julien, Jules Alois"]
[Result "0-1"]
[WhiteElo "1785"]
[BlackElo "2124"]
[PlyCount "62"]
[EventDate "2017.07.22"]
[EventType "swiss"]
[EventRounds "9"]
[EventCountry "FRA"]
[SourceTitle "CBM 179 Extra"]
[Source "ChessBase"]
[SourceDate "2017.08.23"]
[SourceVersion "1"]
[SourceVersionDate "2017.08.23"]
[SourceQuality "1"]

1. Nf3 Nf6 2. c4 g6 3. Nc3 d5 4. cxd5 Nxd5 5. e4 Nb6 6. d4 Bg7 7. Be2 0-0 8. 0-0 Bg4 9. Be3 Bxf3 10. Bxf3 Nc6 11. Ne2 e5 12. d5 Ne7 13. Bc5 Re8 14. d6 cxd6 15. Qxd6 Qxd6 16. Bxd6 Nc6 17. Rac1 h5 18. h3 Rac8 19. g3 Red8 20. Rfd1 Rd7 21. Bc5 Rcd8 22. Nc3 Nd4 23. Bxd4 exd4 24. Nd5 Nc8 25. Bg2 Nd6 26. f4 f5 27. e5 Ne4 28. Nc7 Nc3 29. Ne6 Nxd1 30. Nxd8 Nc3 31. Nxb7 Ne2+ 0-1

[Event "Sautron op 15th"]
[Site "Sautron"]
[Date "2015.10.23"]
[Round "4.17"]
[White "Navrotescu, Andreea Cristiana"]
[Black "Julien, Jules Alois"]
[Result "1-0"]
[WhiteElo "2270"]
[BlackElo "2034"]
[PlyCount "87"]
[EventDate "2015.10.24"]
[EventType "swiss"]
[EventRounds "9"]
[EventCountry "FRA"]
[SourceTitle "EXT 2019"]
[Source "ChessBase"]
[SourceDate "2018.10.10"]
[SourceVersion "1"]
[SourceVersionDate "2018.10.10"]
[SourceQuality "1"]

1. c4 Nf6 2. Nc3 g6 3. e4 d6 4. g3 Bg7 5. Bg2 0-0 6. Nge2 c5 7. d3 Nc6 8. 0-0 Bd7 9. a3 Rb8 10. Rb1 a6 11. b4 cxb4 12. axb4 b5 13. cxb5 axb5 14. d4 h6 15. h3 Qc8 16. g4 e5 17. dxe5 dxe5 18. Nd5 Nxd5 19. exd5 Nd4 20. Nxd4 exd4 21. Bf4 Ra8 22. Bd6 Ra3 23. Bxf8 Qxf8 24. Rb3 Ra4 25. Qd2 Qd6 26. f4 f5 27. Bf3 Bf6 28. Qg2 Rxb4 29. Rxb4 Qxb4 30. gxf5 Bxf5 31. Be4 Bxe4 32. Qxe4 Kg7 33. Rc1 h5 34. Rc7+ Kh6 35. Rc6 Kg7 36. Rc2 Qb1+ 37. Kh2 Kh6 38. Re2 Qf1 39. Rg2 g5 40. fxg5+ Bxg5 41. Qe6+ Bf6 42. Qd6 Qf5 43. Qf8+ Kh7 44. Rg7+ 1-0

[Event "Avoine op 30th"]
[Site "Avoine"]
[Date "2015.07.23"]
[Round "6"]
[White "Livet, Florian"]
[Black "Julien, Jules Alois"]
[Result "1-0"]
[WhiteElo "1830"]
[BlackElo "2106"]
[PlyCount "81"]
[EventDate "2015.07.18"]
[EventType "swiss"]
[EventRounds "9"]
[EventCountry "FRA"]
[SourceTitle "EXT 2016"]
[Source "ChessBase"]
[SourceDate "2015.10.08"]
[SourceVersion "1"]
[SourceVersionDate "2015.10.08"]
[SourceQuality "1"]

1. e4 b6 2. d4 Bb7 3. Nc3 e6 4. Be3 Bb4 5. f3 d5 6. e5 Ne7 7. Nge2 Ba6 8. g3 Nf5 9. Bf2 h5 10. Qd2 c5 11. a3 Bxc3 12. Qxc3 Nd7 13. f4 Rc8 14. Qd2 Bxe2 15. Bxe2 cxd4 16. Rc1 Nc5 17. Bxd4 g6 18. Rf1 0-0 19. Rf3 Qd7 20. h3 Ne4 21. Qd3 Rc4 22. Bf2 Rfc8 23. g4 hxg4 24. hxg4 Nxf2 25. Rxf2 Nd4 26. Bd1 Nc6 27. Qh3 Re4+ 28. Kf1 Kg7 29. Rh2 Rxf4+ 30. Kg1 Rxg4+ 31. Bxg4 Nxe5 32. Qh6+ Kf6 33. Qf4+ Ke7 34. Qxe5 Rc4 35. Bf3 Qc8 36. Rh8 Qc5+ 37. Kh1 Qf2 38. Bxd5 Rg4 39. Bb7 g5 40. Rh7 a6 41. Qc7+ 1-0

[Event "Avoine op 30th"]
[Site "Avoine"]
[Date "2015.07.22"]
[Round "5"]
[White "Julien, Jules Alois"]
[Black "Le Pen, Steven"]
[Result "1/2-1/2"]
[WhiteElo "2106"]
[BlackElo "1961"]
[PlyCount "93"]
[EventDate "2015.07.18"]
[EventType "swiss"]
[EventRounds "9"]
[EventCountry "FRA"]
[SourceTitle "EXT 2016"]
[Source "ChessBase"]
[SourceDate "2015.10.08"]
[SourceVersion "1"]
[SourceVersionDate "2015.10.08"]
[SourceQuality "1"]

1. Nf3 c5 2. g3 Nc6 3. Bg2 e5 4. d3 g6 5. 0-0 Bg7 6. c4 d6 7. Nc3 Nge7 8. a3 0-0 9. Rb1 a5 10. e3 h6 11. Ne1 Be6 12. Nd5 Rb8 13. Bd2 b5 14. b3 f5 15. f4 Kh7 16. Nc2 b4 17. axb4 axb4 18. Kh1 Bg8 19. Bc1 Nxd5 20. cxd5 Na7 21. e4 Nb5 22. Bb2 exf4 23. gxf4 Nc3 24. Bxc3 Bxc3 25. Ne3 Qh4 26. Qf3 fxe4 27. dxe4 Be5 28. Qg3 Rxf4 29. Qxh4 Rxh4 30. h3 Rf4 31. Nc4 Re8 32. Nxe5 Rxf1+ 33. Rxf1 dxe5 34. h4 Kg7 35. Bh3 Rf8 36. Rd1 Kf7 37. Rc1 Ke7 38. Rxc5 Rf3 39. Rc7+ Kd6 40. Rc6+ Ke7 41. d6+ Kf6 42. Kg2 Rd3 43. d7+ Ke7 44. Rc5 Be6 45. Rxe5 Rxh3 46. Rxe6+ Kxd7 47. Rxg6 1/2-1/2

[Event "Avoine op 30th"]
[Site "Avoine"]
[Date "2015.07.20"]
[Round "3"]
[White "Julien, Jules Alois"]
[Black "Lazarev, Vladimir"]
[Result "1/2-1/2"]
[WhiteElo "2106"]
[BlackElo "2371"]
[PlyCount "75"]
[EventDate "2015.07.18"]
[EventType "swiss"]
[EventRounds "9"]
[EventCountry "FRA"]
[SourceTitle "EXT 2016"]
[Source "ChessBase"]
[SourceDate "2015.10.08"]
[SourceVersion "1"]
[SourceVersionDate "2015.10.08"]
[SourceQuality "1"]

1. e4 c5 2. Nf3 Nc6 3. d4 cxd4 4. Nxd4 Qc7 5. c4 Nf6 6. Nc3 e6 7. Be3 a6 8. Rc1 Ne5 9. f3 h5 10. a3 b6 11. Be2 Ng6 12. Qd2 Bb7 13. b4 h4 14. c5 bxc5 15. Na4 d5 16. Nxc5 Bxc5 17. Rxc5 Qd7 18. Qc2 Rc8 19. Rxc8+ Qxc8 20. Qxc8+ Bxc8 21. 0-0 dxe4 22. Rc1 Kd7 23. Nb3 Nd5 24. Ba7 exf3 25. gxf3 Ngf4 26. Nc5+ Ke7 27. Bf1 Ne3 28. Bb8 g5 29. Bxf4 gxf4 30. Bxa6 Rg8+ 31. Kh1 Bxa6 32. Nxa6 Rg2 33. Rb1 Ra2 34. b5 Nd5 35. b6 Nxb6 36. Rxb6 h3 37. Kg1 Rxa3 38. Kf2 1/2-1/2

[Event "Angers op 10th"]
[Site "Angers"]
[Date "2015.04.26"]
[Round "6"]
[White "Julien, Jules Alois"]
[Black "Couchet, Renaud"]
[Result "1-0"]
[WhiteElo "2101"]
[BlackElo "1686"]
[PlyCount "64"]
[EventDate "2015.04.24"]
[EventType "swiss"]
[EventRounds "6"]
[EventCountry "FRA"]
[SourceTitle "CBM 166 Extra"]
[Source "ChessBase"]
[SourceDate "2015.06.18"]
[SourceVersion "1"]
[SourceVersionDate "2015.06.18"]
[SourceQuality "1"]

1. h4 e5 2. Nh3 d5 3. e4 Nf6 4. exd5 Nxd5 5. Bc4 Bc5 6. Qf3 c6 7. Nc3 Be6 8. Ng5 Qd7 9. Qe4 Nxc3 10. dxc3 Bxc4 11. Qxc4 Na6 12. b4 Bb6 13. Rh3 0-0 14. Rd3 Qf5 15. Rf3 Qg6 16. Bd2 e4 17. Rh3 Qf5 18. 0-0-0 Rfe8 19. Be3 Rad8 20. Rxd8 Rxd8 21. Nxe4 Bxe3+ 22. Rxe3 Nc7 23. Rf3 Qg6 24. Ng5 Rd7 25. Qe4 Qh6 26. Qf5 Re7 27. Kb2 f6 28. Qc8+ Ne8 29. Ne6 Qxh4 30. Nd8 Nd6 31. Qb8 Nc4+ 32. Kb1 Nd2+ 1-0

[Event "Angers op 10th"]
[Site "Angers"]
[Date "2015.04.25"]
[Round "3"]
[White "Fournel, Didier"]
[Black "Julien, Jules Alois"]
[Result "0-1"]
[WhiteElo "1545"]
[BlackElo "2101"]
[PlyCount "76"]
[EventDate "2015.04.24"]
[EventType "swiss"]
[EventRounds "6"]
[EventCountry "FRA"]
[SourceTitle "CBM 166 Extra"]
[Source "ChessBase"]
[SourceDate "2015.06.18"]
[SourceVersion "1"]
[SourceVersionDate "2015.06.18"]
[SourceQuality "1"]

1. d4 Nf6 2. c4 c5 3. d5 g6 4. Nc3 Bg7 5. e4 d6 6. Be2 0-0 7. Nf3 e5 8. dxe6 Bxe6 9. 0-0 Nc6 10. Bg5 Qb6 11. Qc1 Rfe8 12. Rd1 Nd4 13. Bf1 Rac8 14. Rb1 Ng4 15. Nd5 Bxd5 16. exd5 Ne2+ 17. Bxe2 Rxe2 18. Rd2 Rce8 19. Qc2 R2e4 20. h3 Nh6 21. Rd3 Nf5 22. g3 h6 23. Bd2 Re2 24. Qb3 Qxb3 25. Rxb3 Nd4 26. Nxd4 Bxd4 27. Be3 Bxe3 28. fxe3 R2xe3 29. Rxe3 Rxe3 30. Kf2 Re4 31. b3 f5 32. h4 Kg7 33. Kf3 Kf6 34. Rb2 a6 35. Rf2 Ke5 36. Rd2 b5 37. Rb2 bxc4 38. bxc4 Rxc4 0-1

[Event "Angers op 10th"]
[Site "Angers"]
[Date "2015.04.25"]
[Round "4"]
[White "Julien, Jules Alois"]
[Black "Gac, Riwal"]
[Result "1-0"]
[WhiteElo "2101"]
[BlackElo "1451"]
[PlyCount "57"]
[EventDate "2015.04.24"]
[EventType "swiss"]
[EventRounds "6"]
[EventCountry "FRA"]
[SourceTitle "CBM 166 Extra"]
[Source "ChessBase"]
[SourceDate "2015.06.18"]
[SourceVersion "1"]
[SourceVersionDate "2015.06.18"]
[SourceQuality "1"]

1. h4 d5 2. Nh3 e6 3. d4 Nc6 4. c3 Be7 5. h5 Bd7 6. Nd2 f6 7. e4 Bd6 8. Bd3 Qe7 9. Kf1 dxe4 10. Nxe4 0-0-0 11. b4 f5 12. Bg5 Nf6 13. Nc5 Bxc5 14. bxc5 Qf7 15. Qb3 Ne7 16. Nf4 h6 17. Rb1 Bc6 18. Bxf6 Qxf6 19. Qxe6+ Qxe6 20. Nxe6 Rdg8 21. c4 Bd7 22. Re1 Bxe6 23. Rxe6 Kd7 24. d5 Re8 25. Rh3 c6 26. Rhe3 cxd5 27. cxd5 f4 28. R3e5 Nc8 29. Rxe8 1-0

[Event "Angers op 10th"]
[Site "Angers"]
[Date "2015.04.24"]
[Round "2"]
[White "Julien, Jules Alois"]
[Black "Normand, Victor"]
[Result "0-1"]
[WhiteElo "2101"]
[BlackElo "1721"]
[PlyCount "53"]
[EventDate "2015.04.24"]
[EventType "swiss"]
[EventRounds "6"]
[EventCountry "FRA"]
[SourceTitle "CBM 166 Extra"]
[Source "ChessBase"]
[SourceDate "2015.06.18"]
[SourceVersion "1"]
[SourceVersionDate "2015.06.18"]
[SourceQuality "1"]

1. e4 e6 2. Nf3 d5 3. e5 c5 4. b4 cxb4 5. d4 Nc6 6. a3 bxa3 7. c3 f6 8. exf6 Nxf6 9. Bd3 Bd6 10. Bxa3 Bxa3 11. Nxa3 0-0 12. 0-0 a6 13. Qc2 Qc7 14. Rfe1 h6 15. Qe2 Bd7 16. Rac1 Rfe8 17. Ne5 Nxe5 18. dxe5 Ne4 19. Bxe4 dxe4 20. Qxe4 Qc5 21. Qd4 Qxa3 22. Qxd7 Qe7 23. Qd6 Qf7 24. Re2 Rad8 25. Qb6 Kh8 26. c4 Qh5 27. Rce1 0-1

[Event "Sautron op 14th"]
[Site "Sautron"]
[Date "2014.10.26"]
[Round "4"]
[White "Julien, Jules Alois"]
[Black "Giraud, Thierry"]
[Result "1/2-1/2"]
[WhiteElo "2024"]
[BlackElo "1837"]
[PlyCount "40"]
[EventDate "2014.10.26"]
[EventType "swiss"]
[EventRounds "9"]
[EventCountry "FRA"]
[SourceTitle "EXT 2016"]
[Source "ChessBase"]
[SourceDate "2015.10.08"]
[SourceVersion "1"]
[SourceVersionDate "2015.10.08"]
[SourceQuality "1"]

1. e4 c5 2. Nf3 e6 3. d3 d5 4. Nbd2 Nc6 5. g3 Nf6 6. Bg2 dxe4 7. dxe4 Be7 8. 0-0 0-0 9. c3 Qc7 10. Qe2 e5 11. a4 h6 12. h3 Be6 13. Nh4 Rfd8 14. Nc4 Na5 15. Nxa5 Qxa5 16. Nf5 Bf8 17. g4 Kh7 18. g5 Ng8 19. gxh6 g6 20. Nh4 Bxh6 1/2-1/2

[Event "Avoine op 29th"]
[Site "Avoine"]
[Date "2014.07.19"]
[Round "1"]
[White "Kirk, Ezra"]
[Black "Julien, Jules Alois"]
[Result "0-1"]
[WhiteElo "2308"]
[BlackElo "2013"]
[PlyCount "42"]
[EventDate "2014.07.19"]
[EventType "swiss"]
[EventRounds "9"]
[EventCountry "FRA"]
[SourceTitle "CBM 161 Extra"]
[Source "ChessBase"]
[SourceDate "2014.08.29"]
[SourceVersion "1"]
[SourceVersionDate "2014.08.29"]
[SourceQuality "1"]

1. d4 Nf6 2. c4 c5 3. d5 d6 4. Nc3 g6 5. e4 Bg7 6. f4 0-0 7. Nf3 e5 8. dxe6 Bxe6 9. Bd3 Nc6 10. 0-0 Re8 11. h3 Qe7 12. f5 Bd7 13. Bg5 Nb4 14. a3 Nxd3 15. Nd5 Qxe4 16. Bxf6 Bxf5 17. Ng5 Qxc4 18. Ne7+ Rxe7 19. Bxe7 Re8 20. g4 Qd4+ 21. Kh1 Be4+ 0-1

[Event "Angers op 9th"]
[Site "Angers"]
[Date "2014.05.11"]
[Round "6"]
[White "Bourdonnais, Loic"]
[Black "Julien, Jules Alois"]
[Result "1-0"]
[WhiteElo "2209"]
[BlackElo "2003"]
[PlyCount "55"]
[EventDate "2014.05.09"]
[EventType "swiss"]
[EventRounds "6"]
[EventCountry "FRA"]
[SourceTitle "CBM 160 Extra"]
[Source "ChessBase"]
[SourceDate "2014.07.01"]
[SourceVersion "1"]
[SourceVersionDate "2014.07.01"]
[SourceQuality "1"]

1. c4 Nf6 2. Nc3 d6 3. g3 g6 4. Bg2 Bg7 5. e4 0-0 6. Nge2 c6 7. 0-0 e5 8. d3 Ne8 9. Be3 h6 10. Qd2 Kh7 11. d4 Qe7 12. b4 Na6 13. Rab1 Nf6 14. h3 Rd8 15. f4 c5 16. bxc5 exd4 17. Bxd4 Nxe4 18. Bxe4 dxc5 19. Qe3 Bxd4 20. Nxd4 Re8 21. Ndb5 f5 22. Nd5 Qg7 23. Nd6 Rxe4 24. Nxe4 fxe4 25. g4 h5 26. Qxe4 hxg4 27. hxg4 Bxg4 28. Rxb7 1-0

[Event "Angers op 9th"]
[Site "Angers"]
[Date "2014.05.11"]
[Round "5"]
[White "Julien, Jules Alois"]
[Black "Legrand, Claire"]
[Result "1-0"]
[WhiteElo "2003"]
[BlackElo "1633"]
[PlyCount "69"]
[EventDate "2014.05.09"]
[EventType "swiss"]
[EventRounds "6"]
[EventCountry "FRA"]
[SourceTitle "CBM 160 Extra"]
[Source "ChessBase"]
[SourceDate "2014.07.01"]
[SourceVersion "1"]
[SourceVersionDate "2014.07.01"]
[SourceQuality "1"]

1. e4 c5 2. Nf3 d6 3. g3 Nc6 4. Bg2 Nf6 5. d3 g6 6. 0-0 Bg7 7. Re1 Bg4 8. h3 Bxf3 9. Qxf3 Nd4 10. Qd1 Qc7 11. Nd2 Rc8 12. f4 Nd7 13. Nf1 0-0 14. Ne3 e6 15. g4 b5 16. f5 Qd8 17. c3 Nc6 18. Rf1 Qh4 19. Bd2 Be5 20. Rf3 Bf6 21. Bf1 Nde5 22. Ng2 Nxf3+ 23. Qxf3 Ne5 24. Nxh4 Nxf3+ 25. Nxf3 exf5 26. exf5 Rfe8 27. g5 Bd8 28. f6 Bb6 29. Bf4 d5 30. Nh2 Rc6 31. Ng4 Bc7 32. Bxc7 Rxc7 33. Kf2 Kf8 34. Bg2 d4 35. Bd5 1-0

[Event "Angers op 9th"]
[Site "Angers"]
[Date "2014.05.09"]
[Round "2"]
[White "Bailet, Pierre"]
[Black "Julien, Jules Alois"]
[Result "1-0"]
[WhiteElo "2470"]
[BlackElo "2003"]
[PlyCount "90"]
[EventDate "2014.05.09"]
[EventType "swiss"]
[EventRounds "6"]
[EventCountry "FRA"]
[SourceTitle "CBM 160 Extra"]
[Source "ChessBase"]
[SourceDate "2014.07.01"]
[SourceVersion "1"]
[SourceVersionDate "2014.07.01"]
[SourceQuality "1"]

1. d4 Nf6 2. Nf3 c5 3. d5 d6 4. g3 g6 5. Bg2 Bg7 6. 0-0 0-0 7. c4 e5 8. dxe6 Bxe6 9. Ng5 Bxc4 10. Bxb7 Nbd7 11. Na3 Nb6 12. Bxa8 Qxa8 13. Nxc4 Nxc4 14. Qc2 Nb6 15. Bd2 h6 16. Nf3 Qe4 17. Qxe4 Nxe4 18. Rad1 Nc4 19. b3 Ncxd2 20. Nxd2 Nc3 21. Rde1 d5 22. a4 Rb8 23. Kg2 h5 24. e3 Rb4 25. h4 a5 26. Rc1 c4 27. bxc4 dxc4 28. Rc2 Rxa4 29. Rfc1 Ra2 30. Rxa2 Nxa2 31. Rxc4 Nc3 32. Ne4 Nxe4 33. Rxe4 Bc3 34. Rc4 Bb2 35. e4 Kg7 36. f4 Kf6 37. Kf3 Ba3 38. Rc6+ Ke7 39. Ra6 Bb4 40. g4 hxg4+ 41. Kxg4 Bd2 42. f5 gxf5+ 43. Kxf5 Kf8 44. Kf6 Bc3+ 45. e5 Kg8 1-0

[Event "Nantes op 12th"]
[Site "Nantes "]
[Date "2013.12.30"]
[Round "6"]
[White "Julien, Jules Alois"]
[Black "Le Goff, Ronan"]
[Result "1/2-1/2"]
[WhiteElo "1975"]
[BlackElo "2189"]
[PlyCount "47"]
[EventDate "2013.12.27"]
[EventType "swiss"]
[EventRounds "7"]
[EventCountry "FRA"]
[SourceTitle "CBM 158 Extra"]
[Source "ChessBase"]
[SourceDate "2014.02.28"]
[SourceVersion "1"]
[SourceVersionDate "2014.02.28"]
[SourceQuality "1"]

1. e4 e5 2. f4 exf4 3. Bc4 d5 4. Bxd5 Nf6 5. Nc3 Bg4 6. Nf3 Nxd5 7. Nxd5 g5 8. h4 c6 9. Nc3 gxh4 10. d4 Bh6 11. Ne2 h3 12. Qd3 Na6 13. Bd2 Bg7 14. gxh3 Bxf3 15. Qxf3 Qh4+ 16. Qf2 Qxf2+ 17. Kxf2 0-0-0 18. Bxf4 Rhe8 19. Ke3 Nb4 20. Rac1 Nd5+ 21. Kf3 Nxf4 22. Kxf4 Bxd4 23. Nxd4 Rxd4 24. Rhe1 1/2-1/2

[Event "Nantes op 12th"]
[Site "Nantes "]
[Date "2013.12.27"]
[Round "1"]
[White "Kurayan, Ruslan"]
[Black "Julien, Jules Alois"]
[Result "1-0"]
[WhiteElo "2393"]
[BlackElo "1975"]
[PlyCount "53"]
[EventDate "2013.12.27"]
[EventType "swiss"]
[EventRounds "7"]
[EventCountry "FRA"]
[SourceTitle "CBM 158 Extra"]
[Source "ChessBase"]
[SourceDate "2014.02.28"]
[SourceVersion "1"]
[SourceVersionDate "2014.02.28"]
[SourceQuality "1"]

1. e4 c5 2. Nf3 Nc6 3. d4 cxd4 4. Nxd4 e6 5. Nc3 Qc7 6. Be3 a6 7. Qd2 Nf6 8. 0-0-0 Be7 9. f3 b5 10. g4 d6 11. g5 Nd7 12. Nf5 exf5 13. Nd5 Qb7 14. exf5 Nde5 15. f4 Bxf5 16. fxe5 dxe5 17. Bg2 Rc8 18. Rhf1 Bg6 19. Nxe7 Qxe7 20. Bc5 Qc7 21. Bxc6+ Qxc6 22. b4 Qe6 23. Kb2 f5 24. gxf6 gxf6 25. Rxf6 Qg4 26. Qd6 Rxc5 27. Qd8# 1-0

[Event "Sautron op 13th"]
[Site "Sautron"]
[Date "2013.10.??"]
[Round "8"]
[White "Rineau, Nathan"]
[Black "Julien, Jules Alois"]
[Result "0-1"]
[WhiteElo "1383"]
[BlackElo "1965"]
[PlyCount "45"]
[EventDate "2013.10.26"]
[EventType "swiss"]
[EventRounds "9"]
[EventCountry "FRA"]
[SourceTitle "EXT 2016"]
[Source "ChessBase"]
[SourceDate "2015.10.08"]
[SourceVersion "1"]
[SourceVersionDate "2015.10.08"]
[SourceQuality "1"]

1. c4 b6 2. Nc3 Bb7 3. Nf3 c5 4. g3 Bxf3 5. exf3 Nc6 6. Bg2 g6 7. b3 Bg7 8. Bb2 Nh6 9. f4 Nf5 10. 0-0 0-0 11. Rb1 Rc8 12. Nd5 Ncd4 13. a3 e6 14. Ne3 Qc7 15. d3 Rcd8 16. b4 d6 17. Nc2 d5 18. cxd5 exd5 19. bxc5 bxc5 20. Nxd4 Nxd4 21. Bxd4 Bxd4 22. Qe2 Rfe8 23. Qd2 0-1